00541nam a2200169Ia 4500003000900000008004100009040001600050080001800066110004500084245012900129260002800258300001600286650001900302650002300321650001200344650001500356IN-BaIIA211028s9999 xx 000 0 eng d cIIA Library a17.091bINS-1 aIndian National Scientific Documentation 0aNational union catalogue of scientific serials in Indiabvol.1cIndian National Scientific Documentation Centre  aNew DelhibINSDOCc1988 axiviii,790p aNASA Thesaurus aScientific Serials aSerials aUnion List